Energy and health : proceedings of a conference /

Bibliographic Details
Corporate Author: SIAM Institute for Mathematics and Society
Other Authors: Breslow, Norman E., Whittemore, Alice
Format: Book
Language:English
Published: Philadelphia : SIAM, 1979.
Series:SIAM-SIMS conference series ; 6.
Subjects:

MARC

Tag First Indicator Second Indicator Subfields
LEADER 00000cam a2200000 i 4500
001 in00000060175
005 20151008051608.0
008 791220s1979 paua b 10000 eng
010 |a  79063265  
020 |a 0898710006 
035 |a (OCoLC)05541791 
035 |9 AAG8869AM 
040 |a DLC  |c DLC  |d TXA  |d UtOrBLW 
049 |a TXAM  |c [981080] 
050 0 0 |a RA568.5  |b .E53 
082 0 |a 363.7 
245 0 0 |a Energy and health :  |b proceedings of a conference /  |c sponsored by SIAM Institute for Mathematics and Society and supported by the Department of Energy, and the National Science Foundation ; Norman E. Breslow and Alice S. Whittemore, editors. 
264 1 |a Philadelphia :  |b SIAM,  |c 1979. 
300 |a xii, 340 pages :  |b illustrations ;  |c 24 cm. 
336 |a text  |b txt  |2 rdacontent 
337 |a unmediated  |b n  |2 rdamedia 
338 |a volume  |b nc  |2 rdacarrier 
490 1 |a SIAM-SIMS conference series ; 6 
504 |a Includes bibliographical references. 
650 0 |a Energy development  |x Hygienic aspects  |x Congresses. 
650 0 |a Environmental health  |x Statistical methods  |x Congresses. 
650 0 |a Environmentally induced diseases  |x Statistical methods  |x Congresses. 
700 1 |a Breslow, Norman E. 
700 1 |a Whittemore, Alice. 
710 2 |a SIAM Institute for Mathematics and Society. 
830 0 |a SIAM-SIMS conference series ;  |v 6. 
999 |a MARS 
999 f f |s 7ce8ddd3-0f0b-3485-9997-c39a60f99251  |i bd7ad5d8-f26b-31b3-8af5-9b99d55311c8  |t 0 
952 f f |p ric  |a Texas A&M University  |b Rellis Campus  |c Joint Library Facility  |d Remote Storage  |t 0  |e RA568.5 .E53  |h Library of Congress classification  |i unmediated -- volume  |m A14805070421 
998 f f |a RA568.5 .E53  |t 0  |l Remote Storage